Normal view
MARC view
- Zeb Anwar
Entry Personal Name
001 - CONTROL NUMBER
- control field: 127098
003 - CONTROL NUMBER IDENTIFIER
- control field: NUST
005 - DATE AND TIME OF LATEST TRANSACTION
- control field: 20241212115853.0
008 - FIXED-LENGTH DATA ELEMENTS
- fixed length control field: 241212|| aca||aabn | a|a d
040 ## - CATALOGING SOURCE
- Original cataloging agency: NUST
- Transcribing agency: NUST
100 ## - HEADING--PERSONAL NAME
- Personal name: Zeb Anwar
670 ## - SOURCE DATA FOUND
- Source citation: Work cat.: (NUST)230070: Zeb Anwar , Factors affecting resource management of building projects in KPK Pakistan/, 2014
